[Event "Kimry-ch"]
[Site "Kimry"]
[Date "2010.01.06"]
[Round "8"]
[White "Bik Mukhamedov, Mikhail"]
[Black "Krasnikov, Alexandr"]
[Result "0-1"]
[WhiteElo "1910"]
[BlackElo "1953"]
[PlyCount "72"]
[EventDate "2010.01.02"]
[EventType "swiss"]
[EventRounds "9"]
[EventCountry "RUS"]
[SourceTitle "CBM 134 Extra"]
[Source "ChessBase"]
[SourceDate "2010.03.03"]
[SourceVersion "1"]
[SourceVersionDate "2010.03.03"]
[SourceQuality "1"]

1. f4 c5 2. e3 d5 3. Nf3 e6 4. Be2 Nc6 5. b3 Nf6 6. Bb2 b6 7. Bb5 Bd7 8. Be2 Bd6 9. 0-0 Qe7 10. Nc3 e5 11. fxe5 Nxe5 12. Nb5 Nxf3+ 13. Rxf3 Be5 14. Ba3 Bg4 15. d4 Bxf3 16. Bxf3 Bd6 17. Qe2 0-0 18. Re1 a6 19. Nc3 cxd4 20. Nxd5 Nxd5 21. Bxd5 Bxa3 22. Bxa8 Rxa8 23. e4 Bb2 24. a4 Bc3 25. Rf1 h6 26. Rf4 a5 27. Qb5 Qc5 28. Qd3 Re8 29. Kf1 Qa3 30. Ke2 Qc1 31. Rf1 Qg5 32. Rf2 Qg4+ 33. Qf3 Rxe4+ 34. Kd3 Re3+ 35. Qxe3 dxe3 36. Re2 Qd4# 0-1

[Event "Kimry-ch"]
[Site "Kimry"]
[Date "2010.01.04"]
[Round "4"]
[White "Chernyaev, Vladimir"]
[Black "Krasnikov, Alexandr"]
[Result "0-1"]
[WhiteElo "1838"]
[BlackElo "1953"]
[PlyCount "80"]
[EventDate "2010.01.02"]
[EventType "swiss"]
[EventRounds "9"]
[EventCountry "RUS"]
[SourceTitle "CBM 134 Extra"]
[Source "ChessBase"]
[SourceDate "2010.03.03"]
[SourceVersion "1"]
[SourceVersionDate "2010.03.03"]
[SourceQuality "1"]

1. e4 c5 2. Nf3 e6 3. d4 d5 4. Nc3 Nf6 5. Bb5+ Nc6 6. Bg5 Be7 7. 0-0 dxe4 8. Bxf6 Bxf6 9. Nxe4 Bxd4 10. Nxd4 Qxd4 11. Nd6+ Ke7 12. Qxd4 cxd4 13. Bxc6 bxc6 14. Nc4 Ba6 15. b3 Bxc4 16. bxc4 Rab8 17. Rab1 Kd7 18. Rb3 Rb6 19. Rd1 c5 20. Kf1 Kc6 21. Ke2 Rhb8 22. Kd3 R8b7 23. Re1 Re7 24. Re4 e5 25. Rh4 h6 26. Rg4 f6 27. Re4 f5 28. Re2 e4+ 29. Kd2 g5 30. Rh3 Kb7 31. Ra3 Kc6 32. Rh3 Kb7 33. Ra3 f4 34. Ra5 Kc6 35. f3 e3+ 36. Kd3 h5 37. g3 fxg3 38. hxg3 Rb1 39. Ra6+ Kb7 40. Ra5 Rd1+ 0-1

[Event "Kimry-ch"]
[Site "Kimry"]
[Date "2010.01.02"]
[Round "1"]
[White "Krasnikov, Alexandr"]
[Black "Dementieva, Julia"]
[Result "1-0"]
[WhiteElo "1953"]
[BlackElo "1609"]
[PlyCount "115"]
[EventDate "2010.01.02"]
[EventType "swiss"]
[EventRounds "9"]
[EventCountry "RUS"]
[SourceTitle "CBM 134 Extra"]
[Source "ChessBase"]
[SourceDate "2010.03.03"]
[SourceVersion "1"]
[SourceVersionDate "2010.03.03"]
[SourceQuality "1"]

1. e4 e5 2. Nf3 Nc6 3. d4 exd4 4. Nxd4 Nxd4 5. Qxd4 d6 6. Nc3 Nf6 7. Bc4 Be7 8. 0-0 0-0 9. f3 Be6 10. Be3 Qd7 11. Rad1 Rad8 12. Bxe6 fxe6 13. Qxa7 Ra8 14. Qd4 e5 15. Qc4+ Kh8 16. a3 Rad8 17. Nd5 Nxd5 18. Rxd5 c6 19. Ra5 Qc7 20. Ra7 Ra8 21. Rxa8 Rxa8 22. Rd1 Rd8 23. Qb3 Rf8 24. Bb6 Qc8 25. Rd3 Qb8 26. Qe6 Re8 27. Qf7 Qc8 28. Bc7 Qa8 29. Bxd6 Bxd6 30. Rxd6 Qb8 31. Rd7 Rg8 32. Rxb7 Qd8 33. Qd7 Qf8 34. Qxc6 Qd8 35. Qd5 Qe8 36. b4 Rf8 37. Qd7 Qg6 38. Rc7 Kg8 39. Qd5+ Kh8 40. Qxe5 Re8 41. Re7 Rf8 42. c4 Rc8 43. b5 Rd8 44. Qc3 Qg5 45. Re5 Qh4 46. g3 Qh6 47. Rd5 Re8 48. Kg2 Qb6 49. a4 Qa7 50. a5 Rb8 51. b6 Qe7 52. c5 Ra8 53. c6 Rc8 54. b7 Re8 55. c7 Qe6 56. c8Q Rxc8 57. bxc8Q+ Qg8 58. Rd8 1-0

[Event "Kimry Summer op 45th"]
[Site "Kimry"]
[Date "2009.06.14"]
[Round "7"]
[White "Krasnikov, Alexandr"]
[Black "Makhnev, Yuri"]
[Result "1/2-1/2"]
[WhiteElo "1955"]
[BlackElo "1872"]
[PlyCount "111"]
[EventDate "2009.06.11"]
[EventType "swiss"]
[EventRounds "8"]
[EventCountry "RUS"]
[SourceTitle "EXT 2022"]
[Source "ChessBase"]
[SourceDate "2021.10.06"]
[SourceVersion "1"]
[SourceVersionDate "2021.10.06"]
[SourceQuality "1"]

1. e4 e5 2. Nf3 Nc6 3. d4 exd4 4. Nxd4 Nf6 5. f3 Bc5 6. Be3 Qe7 7. Nc3 d5 8. Nxc6 bxc6 9. Bxc5 Qxc5 10. exd5 0-0 11. Qd2 Re8+ 12. Be2 cxd5 13. 0-0-0 c6 14. g4 Be6 15. h4 Rab8 16. g5 Nd7 17. f4 Qb4 18. b3 Bf5 19. Bd3 Bxd3 20. cxd3 Qa3+ 21. Kb1 Nc5 22. Qb2 Qb4 23. f5 a5 24. d4 Ne4 25. Nxe4 Rxe4 26. h5 a4 27. Rd3 Rbe8 28. Qc3 Qxc3 29. Rxc3 Rxd4 30. Rxc6 axb3 31. axb3 Rg4 32. g6 f6 33. gxh7+ Kxh7 34. Rc7 Rd8 35. h6 Kg8 36. hxg7 Rxg7 37. Rxg7+ Kxg7 38. Kc2 Kf7 39. Kd3 Rb8 40. Rh7+ Kg8 41. Rd7 Rxb3+ 42. Kd4 Rb1 43. Kxd5 Rd1+ 44. Ke6 Rxd7 45. Kxd7 Kf7 46. Kd6 Kf8 47. Ke6 Ke8 48. Kd6 Kd8 49. Kc6 Kc8 50. Kd6 Kd8 51. Ke6 Ke8 52. Kxf6 Kf8 53. Ke5 Kf7 54. f6 Kf8 55. Kf4 Ke8 56. Kf5 1/2-1/2

[Event "Kimry Spring op 44th"]
[Site "Kimry"]
[Date "2009.04.13"]
[Round "6"]
[White "Krasnikov, Alexandr"]
[Black "Dementieva, Julia"]
[Result "1-0"]
[WhiteElo "1955"]
[BlackElo "1645"]
[PlyCount "51"]
[EventDate "2009.04.13"]
[EventType "swiss"]
[EventRounds "7"]
[EventCountry "RUS"]
[SourceTitle "EXT 2022"]
[Source "ChessBase"]
[SourceDate "2021.10.06"]
[SourceVersion "1"]
[SourceVersionDate "2021.10.06"]
[SourceQuality "1"]

1. e4 e5 2. Nf3 Nc6 3. d4 Nf6 4. d5 Nb4 5. a3 Na6 6. Bxa6 bxa6 7. Nc3 Bc5 8. Bg5 d6 9. h3 h6 10. Bh4 0-0 11. 0-0 g5 12. Bg3 Nh5 13. Kh2 Nxg3 14. fxg3 g4 15. Nh4 Qg5 16. Nf5 Bd7 17. h4 Qg6 18. Ne7+ Kh8 19. Nxg6+ fxg6 20. Qd3 h5 21. Rxf8+ Rxf8 22. Rf1 Re8 23. Rf7 Bc8 24. Qf1 Kg8 25. Qf6 Bd4 26. Qg7# 1-0

[Event "Kimry-ch"]
[Site "Kimry"]
[Date "2009.01.05"]
[Round "6"]
[White "Mikhailov, Ivan"]
[Black "Krasnikov, Alexandr"]
[Result "0-1"]
[WhiteElo "1908"]
[BlackElo "1950"]
[PlyCount "92"]
[EventDate "2009.01.02"]
[EventType "swiss"]
[EventRounds "9"]
[EventCountry "RUS"]
[SourceTitle "EXT 2010"]
[Source "ChessBase"]
[SourceDate "2010.11.25"]
[SourceVersion "1"]
[SourceVersionDate "2010.11.25"]
[SourceQuality "1"]

1. d4 d5 2. c4 e6 3. Nc3 Nf6 4. Bg5 Be7 5. Nf3 h6 6. Bh4 Nc6 7. e3 0-0 8. Bd3 b6 9. 0-0 Bb7 10. Ne5 Nxe5 11. dxe5 Ne4 12. Bxe7 Qxe7 13. Bxe4 dxe4 14. Qc2 Qg5 15. Nxe4 Qxe5 16. Nc3 Rfd8 17. Rad1 Qg5 18. e4 Qc5 19. b3 Bc6 20. Rd2 Qg5 21. Rfd1 a6 22. f4 Rxd2 23. Qxd2 Qc5+ 24. Qd4 Qxd4+ 25. Rxd4 Kf8 26. Kf2 Ke7 27. Ke3 f6 28. e5 Bxg2 29. Kf2 Bc6 30. Kg3 fxe5 31. fxe5 g5 32. Ne4 Bxe4 33. Rxe4 Rd8 34. Re2 Rd4 35. Re3 Rf4 36. a4 a5 37. Kg2 h5 38. Rh3 h4 39. Re3 Kd7 40. Kh3 Kc6 41. Kg2 Kc5 42. Kh3 Kd4 43. Re1 Kc3 44. Re3+ Kd2 45. Rg3 hxg3 46. hxg3 Rf5 0-1

[Event "Kimry Winter op 41st"]
[Site "Kimry"]
[Date "2008.11.16"]
[Round "4"]
[White "Mikhailov, Ivan"]
[Black "Krasnikov, Alexandr"]
[Result "1-0"]
[WhiteElo "1890"]
[BlackElo "1966"]
[PlyCount "103"]
[EventDate "2008.11.15"]
[EventType "swiss"]
[EventRounds "7"]
[EventCountry "RUS"]
[SourceTitle "EXT 2022"]
[Source "ChessBase"]
[SourceDate "2021.10.06"]
[SourceVersion "1"]
[SourceVersionDate "2021.10.06"]
[SourceQuality "1"]

1. d4 d5 2. c4 c6 3. Nc3 Nf6 4. Nf3 g6 5. e3 Bg7 6. Bd3 0-0 7. Qe2 Nbd7 8. b3 Re8 9. Bb2 Qc7 10. Rc1 dxc4 11. Bxc4 e5 12. 0-0 exd4 13. Nxd4 Ne5 14. h3 Qe7 15. Rfd1 Nxc4 16. Qxc4 Ne4 17. Nxe4 Qxe4 18. Rd2 Bd7 19. Nf3 Qxc4 20. Rxc4 Be6 21. Re4 Bxb2 22. Rxb2 Red8 23. Nd4 Bd7 24. b4 Re8 25. Rxe8+ Bxe8 26. Kf1 Kf8 27. Ke2 Ke7 28. Rd2 Rd8 29. Kd3 Bd7 30. Ke4 Bf5+ 31. Kf4 Be6 32. a3 h6 33. h4 Rd5 34. e4 Rd8 35. g4 a6 36. g5 hxg5+ 37. hxg5 Rh8 38. Nxe6 fxe6 39. Ke5 Rh5 40. f4 Rh3 41. Rd6 Rxa3 42. Rxe6+ Kf7 43. Rf6+ Kg7 44. Rd6 a5 45. Rd7+ Kh8 46. Rxb7 axb4 47. Rxb4 Rc3 48. Kf6 Kg8 49. Kxg6 Kf8 50. Kf6 Ke8 51. g6 Rc4 52. Rxc4 1-0

[Event "Kimry Rating op 38th"]
[Site "Kimry"]
[Date "2008.04.25"]
[Round "6"]
[White "Krasnikov, Alexandr"]
[Black "Karklin, Viacheslav"]
[Result "0-1"]
[WhiteElo "1968"]
[BlackElo "2168"]
[PlyCount "58"]
[EventDate "2008.04.20"]
[EventType "swiss"]
[EventRounds "7"]
[EventCountry "RUS"]
[SourceTitle "EXT 2022"]
[Source "ChessBase"]
[SourceDate "2021.10.06"]
[SourceVersion "1"]
[SourceVersionDate "2021.10.06"]
[SourceQuality "1"]

1. e4 c5 2. Nf3 e6 3. d4 cxd4 4. Nxd4 Nc6 5. Be3 Nf6 6. Bd3 d5 7. Nxc6 bxc6 8. Nd2 Bd6 9. h3 0-0 10. 0-0 e5 11. f3 Be6 12. c3 Qe7 13. Qe2 Bc5 14. Nb3 Bxe3+ 15. Qxe3 Nd7 16. Bc2 a5 17. Qd3 g6 18. a4 Rfb8 19. Ra3 Nb6 20. exd5 cxd5 21. Ra2 Nc4 22. Rb1 Qa7+ 23. Kh1 Ne3 24. Ra3 Bf5 25. Qd2 Bxc2 26. Re1 Nxg2 27. Kxg2 Bxb3 28. Rxe5 Bc4 29. Qc2 Re8 0-1

[Event "Kimry-ch"]
[Site "Kimry"]
[Date "2008.01.07"]
[Round "7"]
[White "Krasnikov, Alexandr"]
[Black "Doronine, Vladimir"]
[Result "1/2-1/2"]
[WhiteElo "1998"]
[BlackElo "1930"]
[PlyCount "103"]
[EventDate "2008.01.02"]
[EventType "swiss"]
[EventRounds "9"]
[EventCountry "RUS"]
[SourceTitle "CBM 122 Extra"]
[Source "ChessBase"]
[SourceDate "2008.03.04"]
[SourceVersion "1"]
[SourceVersionDate "2008.03.04"]
[SourceQuality "1"]

1. e4 d6 2. Nf3 Nf6 3. Nc3 g6 4. g3 Bg7 5. Bg2 0-0 6. 0-0 c5 7. d4 cxd4 8. Nxd4 Nbd7 9. Be3 Nb6 10. b3 Ng4 11. Bc1 a6 12. Bb2 e5 13. Nf3 f5 14. Nd2 f4 15. h3 Nh6 16. g4 Be6 17. Nd5 Rc8 18. c4 Nf7 19. Nb1 Nd7 20. Nbc3 Qh4 21. Kh2 Kh8 22. Qe1 Bxg4 23. f3 Qxe1 24. Raxe1 Be6 25. Rd1 Bxd5 26. Nxd5 Nf6 27. Ba3 Nxd5 28. Rxd5 Rfd8 29. h4 Bf6 30. Bh3 Rc6 31. Be6 Nh6 32. Kh3 Be7 33. Rfd1 Kg7 34. c5 Kf6 35. cxd6 Bf8 36. Bg4 Nxg4 37. Kxg4 Ke6 38. Kg5 Rc2 39. R1d2 Rxd2 40. Rxd2 Kf7 41. h5 h6+ 42. Kg4 gxh5+ 43. Kxh5 Ke6 44. Rd5 Rd7 45. Bb2 Bxd6 46. Kxh6 Bf8+ 47. Kg6 Rxd5 48. exd5+ Kxd5 49. Kf5 Bd6 50. Bc3 b5 51. Bb2 a5 52. a4 1/2-1/2

[Event "Kimry-ch"]
[Site "Kimry"]
[Date "2008.01.05"]
[Round "5"]
[White "Kuznetsov, Boris"]
[Black "Krasnikov, Alexandr"]
[Result "1-0"]
[WhiteElo "2102"]
[BlackElo "1998"]
[PlyCount "123"]
[EventDate "2008.01.02"]
[EventType "swiss"]
[EventRounds "9"]
[EventCountry "RUS"]
[SourceTitle "CBM 122 Extra"]
[Source "ChessBase"]
[SourceDate "2008.03.04"]
[SourceVersion "1"]
[SourceVersionDate "2008.03.04"]
[SourceQuality "1"]

1. e4 c5 2. Nf3 Nc6 3. d4 cxd4 4. Nxd4 d6 5. Bc4 Nf6 6. Nc3 g6 7. Bb3 Bg7 8. Be3 0-0 9. f3 Bd7 10. Qd2 Nxd4 11. Bxd4 Bc6 12. 0-0-0 b5 13. g4 a5 14. a4 bxa4 15. Nxa4 Bxa4 16. Bxa4 Ne8 17. Bxg7 Nxg7 18. h4 Qb6 19. Qd4 Rab8 20. Qxb6 Rxb6 21. Rd5 Ra8 22. b3 Ne6 23. Rb5 Rab8 24. Rxb6 Rxb6 25. Kd2 Kg7 26. Ra1 Nd4 27. Rf1 Rb7 28. Kd3 Ne6 29. Ra1 Nc5+ 30. Kd2 Rb6 31. Kc3 e6 32. g5 f6 33. Kd4 fxg5 34. hxg5 h5 35. gxh6+ Kxh6 36. Kc3 Kg5 37. Be8 Kf4 38. Bxg6 Kxf3 39. e5 Nb7 40. exd6 Rxd6 41. Ra4 Ke3 42. Re4+ Kf3 43. Re5 Kf4 44. Rb5 Rd7 45. Bd3 e5 46. Rb6 e4 47. Bb5 Rc7+ 48. Kb2 e3 49. Rf6+ Ke5 50. Rf8 Re7 51. Bd3 Kd6 52. Be2 Kc5 53. Kc3 Nd6 54. Rf3 Nf7 55. Rf5+ Ne5 56. Kb2 Kd4 57. Rf4+ Kd5 58. Ra4 Nc6 59. Kc3 Re4 60. Bf3 Nd4 61. Rxa5+ Kd6 62. Bxe4 1-0

[Event "Kimry Rating op 33rd"]
[Site "Kimry"]
[Date "2007.01.23"]
[Round "5"]
[White "Shpagin, Vlas"]
[Black "Krasnikov, Alexandr"]
[Result "1-0"]
[WhiteElo "2084"]
[BlackElo "1989"]
[PlyCount "121"]
[EventDate "2007.01.21"]
[EventType "swiss"]
[EventRounds "7"]
[EventCountry "RUS"]
[SourceTitle "EXT 2010"]
[Source "ChessBase"]
[SourceDate "2010.11.25"]
[SourceVersion "1"]
[SourceVersionDate "2010.11.25"]
[SourceQuality "1"]

1. d4 d5 2. Bg5 h6 3. Bh4 Nc6 4. e3 a6 5. Nf3 Bg4 6. h3 Bh5 7. Be2 g5 8. Bg3 Bg7 9. 0-0 Nf6 10. c4 e6 11. Nc3 Bg6 12. Ne5 Nxe5 13. Bxe5 c6 14. c5 Qd7 15. b4 Rg8 16. Na4 Qd8 17. Nb6 Ra7 18. a4 Nd7 19. Nxd7 Qxd7 20. Bxg7 Rxg7 21. b5 f5 22. f4 Bh7 23. bxa6 bxa6 24. Rb1 Qc7 25. Rb6 a5 26. Qb3 Kf7 27. Rb1 gxf4 28. Rb7 Rxb7 29. Qxb7 Kf6 30. Qxc7 Rxc7 31. exf4 Bg6 32. Rb6 Ra7 33. Rxc6 Be8 34. Ra6 Rxa6 35. Bxa6 Bxa4 36. Kf2 Kg6 37. Bb7 Bb5 38. Ke3 Kf7 39. c6 a4 40. c7 Bd7 41. Kd2 Ke7 42. c8Q Bxc8 43. Bxc8 Kd6 44. Kc3 e5 45. fxe5+ Ke7 46. Bxf5 a3 47. Kb3 Kf7 48. Kxa3 Ke7 49. g4 Kf7 50. h4 Kg7 51. g5 hxg5 52. hxg5 Kf7 53. g6+ Kg7 54. e6 Kf6 55. Kb4 Ke7 56. g7 Kf6 57. e7 Kxf5 58. g8Q Ke4 59. Kc5 Kd3 60. Qg3+ Ke4 61. e8R+ 1-0

[Event "Kimry Rating op 33rd"]
[Site "Kimry"]
[Date "2007.01.22"]
[Round "4"]
[White "Krasnikov, Alexandr"]
[Black "Lashkov, Vladimir"]
[Result "1-0"]
[WhiteElo "1989"]
[BlackElo "1993"]
[PlyCount "84"]
[EventDate "2007.01.21"]
[EventType "swiss"]
[EventRounds "7"]
[EventCountry "RUS"]
[SourceTitle "EXT 2010"]
[Source "ChessBase"]
[SourceDate "2010.11.25"]
[SourceVersion "1"]
[SourceVersionDate "2010.11.25"]
[SourceQuality "1"]

1. e4 g6 2. Nf3 Bg7 3. d4 d6 4. Bc4 a6 5. 0-0 h6 6. Nc3 Bg4 7. h3 Bd7 8. e5 b5 9. Bb3 Qc8 10. exd6 cxd6 11. Nd5 Qd8 12. Re1 e6 13. Bf4 Bc8 14. Qd2 Kf8 15. Qb4 Nf6 16. Bxd6+ Kg8 17. Ne7+ Kh7 18. Bxb8 Rxb8 19. Nc6 Qb6 20. Nxb8 Qxb8 21. Ne5 Qb7 22. Nxf7 Qxf7 23. Qd6 Ne8 24. Qc5 Nc7 25. c3 Rf8 26. Re2 Bb7 27. Qb6 Bxg2 28. Bxe6 Nxe6 29. Qxe6 Qxe6 30. Rxe6 Bxh3 31. Rxa6 b4 32. Ra7 bxc3 33. bxc3 Rc8 34. Re1 h5 35. Ree7 Rg8 36. a4 Kh6 37. f4 Bf5 38. a5 g5 39. fxg5+ Kg6 40. a6 Bf8 41. Re8 Bg4 42. Rc7 Kxg5 1-0